000 01777nam0a2200361 i 4500
001 RU\NLR\BIBL_A\011099137
005 20260406001316.0
010 _a9785444449363
_91000
021 _aRU
_b2016-22143
_91400
035 _a(NILC)RuMoRGB-008251043
035 _a(NLR Aleph) 011099137
090 _a11410223
_c11410223
100 _a20160408d2016 um y0rusy50 ca
101 0 _arus
_cund
102 _aRU
105 _aacb|z|||001yb
200 1 _aБронированный кулак вермахта
_e[воспоминания генерал-майора танковых войск]
_fФ. В. фон Меллентин
210 _aМосква
_cВече
_d2016
215 _a399 с., [8] л. ил., портр.
_cкарты
_d21
225 1 _aВоенные мемуары, 1939-1945
300 _aНа обл. авт.: ген.-майор Фридрих Вильгельм фон Меллентин
320 _aБиблиогр. в подстроч. примеч.
606 _aВторая мировая война
_jВоспоминания, записки и т.п
_xТанковые операции немецкие
_z1939 - 1945
_91209944
_3RU\NLR\auth\66172522
606 1 _aВеликая Отечественная война
_jВоспоминания, записки и т.п
_xТанковые операции немецкие
_z1941 - 1945
_92097712
_3RU\NLR\auth\661269060
675 _a94(100-87)
686 1 _aЦ35(0)62-53,2,013
686 1 _aЦ35(2)722-53,2,013
700 1 _7ca
_8rus
_aМеллентин
_bФ. В. фон
_f1904-1997
_gФридрих Вильгельм фон
_993767
_3RU\NLR\AUTH\77110842
801 0 _aRU
_bРГБ
_c20160321
_gRCR
942 _cBOOK
980 _aNBR